Kitüntetett ifju
Správa o vyznamenaní kandidáta na stredoškolského profesora Rudolfa Csongora, ktorý študoval na meštianskej škole v Humennom a neskôr na vyššej obchodnej škole v Humennom. Dostal zahraničný študijný pobyt + tisíc korún od ministerstva školstva.
| Médium: | Článok |
|---|---|
| Jazyk: | Hungarian |
| Témy: | |
| Zdroj: |
1. Homonna és Vidéke : Vegyes tartalmu közmüvelődési, szépirodalmi és közgazdasági hetilap 1. Roč. 12, č. 27 (30.06.1912) s. 2 |
| LEADER | 01100nab#a2200301#ar4500 | ||
|---|---|---|---|
| 001 | 000071602 | ||
| 003 | SVKKK | ||
| 005 | 20010415xxxxxxx. | ||
| 008 | 06 c xo huno | ||
| FMT | |||
| 038 | |a SVKKK | ||
| 040 | |a SVKKK |b slo |e AACR2 | ||
| 041 | 0 | |a hun | |
| 044 | |a xo |c SK | ||
| 080 | |a 373.5/.6 | ||
| 242 | 1 | 0 | |a Vyznamenaný mladík |
| 245 | 0 | 0 | |a Kitüntetett ifju |
| 500 | |a mikrofilm | ||
| 520 | 2 | |a Správa o vyznamenaní kandidáta na stredoškolského profesora Rudolfa Csongora, ktorý študoval na meštianskej škole v Humennom a neskôr na vyššej obchodnej škole v Humennom. Dostal zahraničný študijný pobyt + tisíc korún od ministerstva školstva. | |
| 650 | 0 | 4 | |a Csongor, Rudolf (kandidát na profesora) - zahraničný študijný pobyt (vyznamenanie) - Humenné - rok 1912 - správy |
| 773 | 0 | |t Homonna és Vidéke : Vegyes tartalmu közmüvelődési, szépirodalmi és közgazdasági hetilap |g Roč. 12, č. 27 (30.06.1912) s. 2 | |
| 957 | |a Humenné | ||
| 958 | |a DG | ||
| 958 | |a SK | ||
| 974 | |a Ba |d 20010415 | ||
| 992 | |a RBX | ||
| BAS | |||
| 998 | |a RETRO | ||